Synopsis of Diseases of the Chest (Record no. 156745)

MARC details
000 -LEADER
fixed length control field 00408nam a2200145Ia 4500
008 - FIXED-LENGTH DATA ELEMENTS--GENERAL INFORMATION
fixed length control field 230411s9999 xx 000 0 und d
020 ## - INTERNATIONAL STANDARD BOOK NUMBER
International Standard Book Number 0-7216-3669-1
041 ## - LANGUAGE CODE
Language code of text/sound track or separate title eng
082 ## - DEWEY DECIMAL CLASSIFICATION NUMBER
Classification number DI/616.2/FRA/PAR/B06330
100 ## - MAIN ENTRY--PERSONAL NAME
Personal name Fraser Richard & Pare J
9 (RLIN) 179079
245 ## - TITLE STATEMENT
Title Synopsis of Diseases of the Chest
260 ## - PUBLICATION, DISTRIBUTION, ETC. (IMPRINT)
Name of publisher, distributor, etc. W B Saunders Company
Place of publication, distribution, etc. Philadelphia
Date of publication, distribution, etc. 1994
300 ## - PHYSICAL DESCRIPTION
Extent 1020p
Holdings
Withdrawn status Lost status Damaged status Not for loan Collection code Home library Current library Date acquired Vendor Cost, normal purchase price Bill number Total Checkouts Full call number Barcode Date last seen Cost, replacement price Bill Date Koha item type Original Barcode
          Smt. Bakul Tambat Institute of Nursing Education Smt. Bakul Tambat Institute of Nursing Education 30/06/2010 A.D.Kansara Pune. 1000.00 31   DI 616.2 FRA PAR B06330 BTIN-BK-6330 11/04/2023 1000.00 30/06/2010 Books B06330